LIBRARY ONLINE CATALOGUE

Introduction to mathematical statistics / (Record no. 18332)

MARC details
000 -LEADER
fixed length control field 00828cam a22002652 4500
001 - CONTROL NUMBER
control field 0000013132
003 - CONTROL NUMBER IDENTIFIER
control field OSt
005 - DATE AND TIME OF LATEST TRANSACTION
control field 20200722155954.0
008 - FIXED-LENGTH DATA ELEMENTS--GENERAL INFORMATION
fixed length control field 090610s xx 000 0 eng d
020 ## - INTERNATIONAL STANDARD BOOK NUMBER
International Standard Book Number 1292024992
040 ## - CATALOGING SOURCE
Original cataloging agency KABU
Transcribing agency KABU
050 ## - LIBRARY OF CONGRESS CALL NUMBER
Classification number QA276
Item number .H64 2014 c. 1
100 1# - MAIN ENTRY--PERSONAL NAME
Personal name Hogg, Robert V.
245 10 - TITLE STATEMENT
Title Introduction to mathematical statistics /
Statement of responsibility, etc. Robert V. Hogg, Joseph W. McKean, Allen T. Craig.
250 ## - EDITION STATEMENT
Edition statement 7th ed.
260 ## - PUBLICATION, DISTRIBUTION, ETC. (IMPRINT)
Place of publication, distribution, etc. England
Name of publisher, distributor, etc. Pearson Education Limited
Date of publication, distribution, etc. 2014
300 ## - PHYSICAL DESCRIPTION
Extent 649 p.
650 #0 - SUBJECT ADDED ENTRY--TOPICAL TERM
Topical term or geographic name as entry element Mathematical statistics.
700 1# - ADDED ENTRY--PERSONAL NAME
Personal name McKean, Joseph W.
700 1# - ADDED ENTRY--PERSONAL NAME
Personal name Craig, Allen T.
908 ## - PUT COMMAND PARAMETER (RLIN)
Put command parameter 090610
942 ## - ADDED ENTRY ELEMENTS (KOHA)
Source of classification or shelving scheme Library of Congress Classification
Koha item type General Collection
Classification part QA276
Holdings
Withdrawn status Lost status Source of classification or shelving scheme Not for loan Home library Current library Date acquired Cost, normal purchase price Total Checkouts Full call number Barcode Date last seen Copy number Price effective from Koha item type
    Library of Congress Classification   Kabarak, Main Campus Kabarak, Main Campus 22/07/2020 9782.00   QA276 .H64 2014 c. 1 029960 22/07/2020 c. 1 22/07/2020 General Collection
    Library of Congress Classification   Kabarak, Main Campus Kabarak, Main Campus 22/07/2020 9782.00   QA276 .H64 2014 c. 2 029961 22/07/2020 c. 2 22/07/2020 General Collection
    Library of Congress Classification   Kabarak, Nakuru City Campus Kabarak, Nakuru City Campus 22/07/2020 9782.00   QA276 .H64 2014 c. 1 029962 22/07/2020 c. 1 22/07/2020 General Collection